| 000 -CABECERA |
| campo de control de longitud fija |
01704nam a2200253 u 4500 |
| 001 - NÚMERO DE CONTROL |
| campo de control |
000046041 |
| 005 - FECHA Y HORA DE LA ÚLTIMA TRANSACCIÓN |
| campo de control |
20200120222449.0 |
| 008 - DATOS DE LONGITUD FIJA--INFORMACIÓN GENERAL |
| campo de control de longitud fija |
110722s2011 ck er 000 j spa d |
| 020 ## - NÚMERO INTERNACIONAL ESTÁNDAR DEL LIBRO |
| Número Internacional Estándar del Libro |
9789584223753 |
| 041 0# - CÓDIGO DE LENGUA |
| Código de lengua del texto/banda sonora o título independiente |
spa |
| 043 ## - CÓDIGO DE ÁREA GEOGRÁFICA |
| Código de área geográfica |
s-ck--- |
| 090 ## - LOCALMENTE ASIGNADO TIPO-LC NÚMERO DE CLASIFICACIÓN (OCLC); NÚMERO DE CLASIFICACIÓN LOCAL (RLIN) |
| Número de clasificación (OCLC) (R) ; Numero de clasificación, CALL (RLIN) (NR) |
AC |
| Número cutter local (OCLC) ; Número de libro/Signatura topográfica íntegra, CALL (RLIN) |
MENMl |
| 100 1# - ENTRADA PRINCIPAL--NOMBRE DE PERSONA |
| Nombre de persona |
Mendoza, Mario |
| 245 13 - MENCIÓN DE TÍTULO |
| Título |
La locura de nuestro tiempo / |
| Mención de responsabilidad, etc. |
Mario Mendoza. |
| 250 ## - MENCIÓN DE EDICIÓN |
| Mención de edición |
3a. ed. |
| 260 ## - PUBLICACIÓN, DISTRIBUCIÓN, ETC. |
| Lugar de publicación, distribución, etc. |
Bogotá : |
| Nombre del editor, distribuidor, etc. |
Seix Barral, |
| Fecha de publicación, distribución, etc. |
2011. |
| 300 ## - DESCRIPCIÓN FÍSICA |
| Extensión |
262 p. |
| 490 #0 - MENCIÓN DE SERIE |
| Mención de serie |
Los tres mundos |
| 500 ## - NOTA GENERAL |
| Nota general |
El ej.1 de Biblioteca Soacha corresponde a la 2a. edición del 2010 |
| 520 3# - SUMARIO, ETC. |
| Sumario, etc. |
Durante años he tomado notas en cuadernos escolares: historias que han pasado inadvertidas para los demás, retratos de personajes que me atraen por una razón o por otra, momentos en los cuales siento que la existencia se ilumina de una manera especial, pequeñas reflexiones sobre el aquí y ahora. Algunas de esas notas las he utilizado para nutrir mis libros de cuentos y mis novelas, o las he publicado en diarios y revistas. Pero la gran mayoría se han quedado inéditas. Así que ahora me complace mucho publicarlas en este libro como si fueran una bitácora de viaje, un testamento literario. »La locura de nuestro tiempo es una suma de momentos especiales, historias, retratos y diagnósticos cuyo eje central es justamente esta intuición inicial: que estar en Bogotá, en Calcuta, en Río de Janeiro, en Bangkok o en Ciudad de México es un privilegio. Nuestro deterioro, al menos, es explícito. El del Primer Mundo es soterrado, ocultado, no aceptado, y precisamente por eso mismo es más demoledor |
| 650 14 - PUNTO DE ACCESO ADICIONAL DE MATERIA--TÉRMINO DE MATERIA |
| Término de materia o nombre geográfico como elemento de entrada |
Cuentos colombianos |
| 650 24 - PUNTO DE ACCESO ADICIONAL DE MATERIA--TÉRMINO DE MATERIA |
| Término de materia o nombre geográfico como elemento de entrada |
Literatura colombiana |
| 650 24 - PUNTO DE ACCESO ADICIONAL DE MATERIA--TÉRMINO DE MATERIA |
| Término de materia o nombre geográfico como elemento de entrada |
Locura en la literauta |